| 000 | 00673cam a2200193 a 4500 | ||
|---|---|---|---|
| 001 | 000009841 | ||
| 005 | 20200929161728.0 | ||
| 008 | 820413|1981 ve 000 0 spa | ||
| 040 |
_aDO-SdBNP _bspa _cBNPHU |
||
| 082 |
_aV862.44 _bZ95b |
||
| 100 | 1 |
_aZune, Jean _d1925- _924755 |
|
| 245 | 1 | 0 |
_aBabel 73 : _bobra en dos actos y seis idiomas / _cJean Zune. |
| 260 |
_aCaracas, Venezuela : _bFundarte, _c1981. |
||
| 300 |
_a100 p. ; _c21 cm. |
||
| 490 | 1 |
_aCuadernos de difusión ; _v55 |
|
| 500 | _aEsta obra fue presentada en su primera versión al inglés bajo el título original de Babel Hell. | ||
| 650 | 4 |
_aTeatro venezolano _923074 |
|
| 650 | 4 |
_aLiteratura venezolana _93816 |
|
| 999 |
_c9600 _d9600 |
||